| 000 | 005800000a22001930004500 | ||
|---|---|---|---|
| 003 | LK-CoMWRAF | ||
| 005 | 20240624155330.0 | ||
| 008 | 230817t1997 ||||| |||| 00| 0 eng d | ||
| 040 |
_aLK-CoMWRAF _dLK-CoMWRAF _eLK-CoMWRAF |
||
| 041 | _atam | ||
| 082 |
_a340.59 _bABU |
||
| 100 |
_aஅபூதல்ஹா, ஏ.எச் _vAbuthalha, A.H |
||
| 245 | _aமுஸ்லீம் மணவிலக்கு சட்டம் | ||
| 246 | _aMuslim manavilaku chaddam | ||
| 260 |
_aNagur: _bCreative publication, _c1997 |
||
| 300 | _a164 p. | ||
| 650 | _aMUSLIM LAW | ||
| 942 | _cBK | ||
| 999 |
_c2800 _d2800 |
||